000
00258nam a2200109 4500
082
_a
ABD
100
_a
Abdul Rahim
245
_a
Islami Meeras me Khandani Mansoobabandi (urdu)
260
_a
Islamabad:
_b
United Nations,
_c
1994.
300
_a
507p. ;
942
_c
BK
999
_c
8831
_d
8831